How to pray / (Record no. 6242)

MARC details
000 -LEADER
fixed length control field 00420nam a22001697a 4500
003 - CONTROL NUMBER IDENTIFIER
control field GBCCL
005 - DATE AND TIME OF LATEST TRANSACTION
control field 20241126110559.0
008 - FIXED-LENGTH DATA ELEMENTS--GENERAL INFORMATION
fixed length control field 180504b ||||| |||| 00| 0 eng d
040 ## - CATALOGING SOURCE
Transcribing agency gbc
082 ## - DEWEY DECIMAL CLASSIFICATION NUMBER
Classification number 248.32
Item number TOR
100 ## - MAIN ENTRY--PERSONAL NAME
Personal name Torrey, R. A.
Dates associated with a name 1856 - 1928
9 (RLIN) 11198
245 ## - TITLE STATEMENT
Title How to pray /
Statement of responsibility, etc. R. A. Torrey
260 ## - PUBLICATION, DISTRIBUTION, ETC.
Name of publisher, distributor, etc. Moody Press
Place of publication, distribution, etc. Chicago:
300 ## - PHYSICAL DESCRIPTION
Extent 123 p.;
Dimensions 17 cm.
650 ## - SUBJECT ADDED ENTRY--TOPICAL TERM
Topical term or geographic name entry element Prayer
9 (RLIN) 332
942 ## - ADDED ENTRY ELEMENTS (KOHA)
Source of classification or shelving scheme Dewey Decimal Classification
Koha item type Books
Koha issues (borrowed), all copies 2
Holdings
Withdrawn status Lost status Source of classification or shelving scheme Damaged status Not for loan Home library Current Library Shelving location Date acquired Total checkouts Full call number Barcode Date last seen Date last checked out Copy number Price effective from Koha item type
    Dewey Decimal Classification     GRACE BIBLE COLLEGE GRACE BIBLE COLLEGE Ministry & Mission 2018-05-04 2 248.32 TOR 002026 2025-05-01 2023-02-03 c.1 2018-05-04 Books
© Grace Bible College Library 2025